Culturas híbridas: estrategias para entrar y salir de la modernidad

Tenemos tres cuestiones en debate. Cómo estudiar las culturas híbridas que constituyen la modernidad y le dan su perfil especifico en América Latina. Luego. reunir los saberes parciales de las disciplinas que se ocupan de la cultura para ver si es posible elaborar una interpretación más plausible de...

Full description

Bibliographic Details
Main Author: García Canclini, Néstor 1939-
Format: Libro
Language:Spanish
Published: Buenos Aires : Paidós, 2001.
Edition:1a.ed.
Subjects:
Online Access:

MARC

LEADER 00000cam a2200000 a 4500
001 005785
003 UAHC_CL
005 20210601210132.0
008 010822s2001 ag 000 0 spa
020 |a 9501254879 
040 |a UAHC_CL  |c UAHC_CL  |d UAHC_CL 
082 0 4 |a 320.5   |2 20  |b G216 
100 |a García Canclini, Néstor  |d 1939-  |9 4388 
245 1 0 |a Culturas híbridas:  |b estrategias para entrar y salir de la modernidad   |c Néstor García Canclini. 
250 |a 1a.ed. 
260 |a Buenos Aires :  |b Paidós,  |c 2001. 
300 |a 349 p. 
520 |a Tenemos tres cuestiones en debate. Cómo estudiar las culturas híbridas que constituyen la modernidad y le dan su perfil especifico en América Latina. Luego. reunir los saberes parciales de las disciplinas que se ocupan de la cultura para ver si es posible elaborar una interpretación más plausible de las contradicciones y los fracasos de nuestra modernización. En tercer lugar. qué hacer, cuando la modernidad se ha vuelto un proyecto polémico o desconfiable, con esta mezcla de memoria heterogénea e innovaciones truncas. 
650 0 |a Cultura  |9 883 
650 0 |a Postmodernismo  |9 5143 
653 |a Modernidad 
900 |a 306 GARC 
942 |c BK 
952 |0 0  |1 0  |4 0  |6 306_000000000000000_GARC  |7 0  |8 General  |9 12605  |a BR  |b BR  |c General  |d 2017-08-03  |l 3  |m 5  |o 306 GARC  |p 1337948  |r 2026-01-14 00:00:00  |s 2025-10-30  |t 1  |w 2017-08-03  |x Rayado con lápiz mina. RLC 03/10/2018  |y BK 
952 |0 0  |1 0  |4 0  |6 306_000000000000000_GARC  |7 0  |8 General  |9 12606  |a BC  |b BC  |c General  |d 2017-08-03  |l 0  |o 306 GARC  |p 1337949  |q 2017-06-28  |r 2017-08-03 00:00:00  |t 2  |w 2017-08-03  |y BK 
952 |0 0  |1 0  |2 ddc  |4 0  |6 306_000000000000000_GARC  |7 0  |8 General  |9 12607  |a BS  |b BS  |c General  |d 2017-08-03  |l 7  |m 2  |o 306 GARC  |p 1337950  |r 2025-11-26 00:00:00  |s 2023-06-22  |t 3  |w 2017-08-03  |x libro que tuvo hongos. se borraron con goma. 16.3.18.PEA  |y BK 
952 |0 0  |1 0  |2 ddc  |4 0  |6 306_000000000000000_GARC  |7 0  |8 COMP  |9 12608  |a BC  |b BC  |c General  |d 2017-08-03  |l 2  |o 306 GARC  |p 1348343  |r 2026-01-13 00:00:00  |s 2018-11-13  |t 4  |w 2017-08-03  |x LIBRO CON TAPA SUELTA. 27.10.18. PFC.  |y BK 
999 |c 5785  |d 5785